000 00722nam a22002537a 4500
003 UA-OsUOA
001 25157
007 ta
008 20040319b un ||||| |||| 00| 0 ukr d
100 _aАнисимов Л.Н.
090 _a349.2:331.108
_bА67
942 _cBK
040 _aUA-OsUOA
_brus
_cUA-OsUOA
_dUA-OsUOA
245 _aРасторжение трудового договора (по Трудовому кодексу РФ и иным федеральным законам)
300 _a304 с.
955 _a0
041 _arus
080 _a349.2:331.108
020 _a1607-5102
260 _aМосква
_bБератор-Пресс
_c2003
044 _aRU
650 7 _2UDC
999 _c311449
_d311449